000 00616nam a2200193Ia 4500
003 GCL
008 140319s9999 xx 000 0 ara d
040 _aGCL /
_cGCL
082 0 4 _a949.4
_bم س
100 1 _aمحمود لواسانى
245 1 0 _aسويسرا : الحضارة الصامتة /
_cمحمود لواسانى
250 _aالاولى
260 _aسويسرا :
_bالمكتبة العربية للنشر والتوزيع ،
_c1991
300 _a412 ص ؛
_c24سم
650 0 4 _aسويسرا
650 0 4 _aسويسرا - تاريخ
650 0 4 _aسويسرا - حضارة
942 _2ddc
_cBK
999 _c48158
_d48158